000 00497nam a22001697a 4500
005 20240816075331.0
008 240816b |||||||| |||| 00| 0 eng d
020 _a9781405747516
041 _aEnglish
082 _a349 ALL
100 _lEnglish
245 _aThe All England Law Reports: Annual Review 2009
260 _aLondon:
_bButterworth and Company Ltd,
_c2010
300 _bxlii, 524 pages;
_c25 cm.
650 _aLegal practice
_bLaw
942 _cBK
_6ALISON_BN_VRIES
999 _c2598
_d2598